| 000 | 01349nam a2200301 a 4500 | ||
|---|---|---|---|
| 003 | OSt | ||
| 005 | 20240821143900.0 | ||
| 007 | cr ||||||a|c|a | ||
| 008 | 240117s2023 mx a|||fom||| 001 0 s d | ||
| 040 | _erda | ||
| 100 | 1 |
_9188495 _aJuárez Flores, Marilyn |
|
| 245 | 1 | 0 |
_aEstado del calcio, magnesio, micronutrimientos y humedad, en un suelo bajo manejo orgánico y convencional con cultivo de maíz (Zea mays L.) y frijol (Phaseolus vulgaris L.) / _cMarilyn Juárez Flores;director de tesis David Cristóbal Acevedo |
| 264 | 1 |
_aChapingo, México : _bEl autor, _c2023. |
|
| 300 |
_a1 recurso en línea (114 páginas): _bfiguras y cuadros.. |
||
| 336 |
_2rdacontent _atexto _btxt |
||
| 337 |
_2rdamedia _acomputadora _bc |
||
| 338 |
_2rdacarrier _arecurso en línea _bcr |
||
| 502 |
_bIAES _cSuelos _d2023. _gLIC |
||
| 504 | _aIncluye referencias bibliográficas: páginas 86-96 | ||
| 650 | 4 |
_940620 _aFertilizantes para frijol |
|
| 650 | 4 |
_940625 _aFertilizantes para maíz |
|
| 650 | 4 |
_9170336 _aSuelos _x Fertilizantes efecto en |
|
| 650 | 4 |
_9141549 _aAbsorción de nutrientes |
|
| 650 | 4 |
_9110391 _aSuelos _xHumedad |
|
| 700 | 0 |
_928994 _aCristóbal Acevedo, David _eDirector de tesis. |
|
| 856 |
_uhttp://10.13.5.2/tesis/tl/1811271-2_JUAREZ_FLORES_MARILYN.pdf _zDESCARGAR PDF |
||
| 942 |
_2Clasificación Universidad Autónoma Chapingo _cTD |
||
| 999 |
_c219543 _d219543 |
||